| 000 | 00809nam2a2200205 4500 | ||
|---|---|---|---|
| 001 | RU\NLR\BIBL_A\012365402 | ||
| 005 | 20250624020851.0 | ||
| 035 | _a(NLR Aleph) 012365402 | ||
| 090 |
_a11548994 _c11548994 |
||
| 100 | _a20200928d2020 |||y0rusy50 ca | ||
| 101 | 0 | _arus | |
| 102 | _aRU | ||
| 200 | 1 | _aГости с того света. После смерти жизнь продолжается | |
| 210 |
_d2020 _aБ. м. |
||
| 461 | 0 |
_1001RU\NLR\Per\1064197 _12001#$aНевыдуманные истории. Золотая серия$v2020, № 3 (23) _910108831 _cСанкт-Петербург _d2014 - _nПресс-Курьер _tНевыдуманные истории. Золотая серия _v2020, № 3 (23) |
|
| 852 |
_aNLR _jП34/2236 |
||
| 942 | _cISSUE | ||
| 980 | _aNB | ||
| 980 | _aRUSPER | ||